000 00430ntaaa2200181 4500
003 01
005 20251027202716.0
008 0714s1973 ag 01
040 _aAR-BaBN
_bspa
_cAR-BaBN
_eaacr
_dRIC
082 _a574.8700 B64
100 _aBorek, Ernest
_926830
245 _aLa célula
250 _a1 ed.
260 _aMéxico :
_bEditorial Limudsa-Wiley,
_cc1966
300 _a205 p
650 _amedicina
_92219
942 _cBK
999 _c22287
_d22287